| 000 | 02117nam0a2200361 4500 | ||
|---|---|---|---|
| 001 | RU\NLR\BIBL_A\011368995 | ||
| 005 | 20260405150547.0 | ||
| 010 |
_a9785794214116 _980 |
||
| 021 |
_aRU _b2017-19995 _91472 |
||
| 035 | _a(RuMoRGB)008833387 | ||
| 035 | _a(NLR Aleph) 011368995 | ||
| 090 |
_a11339931 _c11339931 |
||
| 100 | _a20170417d2017 u y0rusy50 ca | ||
| 101 | 0 |
_arus _deng _eeng |
|
| 102 | _aRU | ||
| 105 | _aa j 000zy | ||
| 200 | 1 |
_aИнформационное сопровождение предвыборной кампании кандидата _dInformation support of the candidate pre-election campaign _eучебное пособие _fТ. Л. Каминская, П. Б. Салин _gФедеральное государственное образовательное бюджетное учреждение высшего образования "Финансовый университет при Правительстве Российской Федерации", Департамент политологии _zeng |
|
| 210 |
_aМосква _cФинансовый университет _d2017 |
||
| 215 |
_a76 с. _cил. _d21 |
||
| 300 | _aАвт. также на англ. яз.: Tatyana L. Kaminskaya, Pavel B. Salin | ||
| 300 | _aРез. на англ. яз. | ||
| 320 | _aБиблиогр.: с. 69-71 (29 назв.) | ||
| 510 | 1 |
_6z45790 _aInformation support of the candidate pre-election campaign _zeng |
|
| 606 |
_aИзбирательные кампании _jУчебные издания для высших учебных заведений _xТехнологии _92217147 _3RU\NLR\AUTH\661331546 |
||
| 686 | 1 | _aФ3(0)68я73 | |
| 700 | 1 |
_8rus _7ca _aКаминская _bТ. Л. _gТатьяна Леонидовна _3RU\NLR\AUTH\7761856 _944786 |
|
| 701 | 1 |
_aСалин _bП. Б. _gПавел Борисович |
|
| 790 | 1 |
_7ba _8rus _aKaminskaja _bT. L. _cканд. филол. наук _gTat'jana Leonidovna _9173182 _3RU\NLR\AUTH\770173233 |
|
| 790 | 1 |
_6z45 _6z45510 _aSalin _bP.B. _gPavel Borisovič |
|
| 942 | _cBOOK | ||
| 980 | _aNBR | ||